[Event "Katowice Silesia 100th Ann op"]
[Site "Katowice"]
[Date "2024.04.27"]
[Round "6"]
[White "Seemann, Jakub"]
[Black "Kastelik, Adrian"]
[Result "1-0"]
[WhiteElo "2465"]
[BlackElo "2091"]
[PlyCount "129"]
[EventDate "2024.04.27"]
[EventType "swiss (rapid)"]
[EventRounds "11"]
[EventCountry "POL"]
[SourceTitle "CBM 220 Extra"]
[Source "ChessBase"]
[SourceDate "2024.07.31"]
[SourceVersion "1"]
[SourceVersionDate "2024.07.31"]
[SourceQuality "1"]

1. e4 c5 2. Nf3 d6 3. Bb5+ Nc6 4. 0-0 Bd7 5. Re1 a6 6. Bf1 Bg4 7. h3 Bxf3 8. Qxf3 Nf6 9. c3 e5 10. d3 Be7 11. Nd2 b5 12. g3 0-0 13. Bg2 h6 14. Nf1 Nh7 15. Ne3 Bg5 16. h4 Bxe3 17. Bxe3 Qf6 18. Qe2 b4 19. Rad1 bxc3 20. bxc3 Rfb8 21. Rb1 Qd8 22. Qc2 Nf6 23. Bf3 Rxb1 24. Rxb1 Rb8 25. Bd1 Qa5 26. Rxb8+ Nxb8 27. Qb2 Qb5 28. Qe2 Nc6 29. g4 Kf8 30. g5 hxg5 31. hxg5 Ng8 32. f4 Qb1 33. Kh2 c4 34. Bc2 Qxa2 35. dxc4 Nge7 36. f5 a5 37. c5 d5 38. f6 Ng6 39. exd5 Qxd5 40. Qg4 Nd8 41. c4 Qe6 42. Bf5 Qc6 43. Be4 Qc7 44. Qd1 Ne6 45. Qd5 Ngf4 46. Qa8+ Nd8 47. c6 Nfe6 48. Bd2 gxf6 49. gxf6 Qd6 50. Bxa5 Nc7 51. Bb4 Nxa8 52. Bxd6+ Ke8 53. c7 Nxc7 54. Bxc7 Ne6 55. Bxe5 Kd7 56. Bd5 Ng5 57. Bf4 Nh7 58. Be5 Ng5 59. Kg3 Ke8 60. Kg4 Nh7 61. Kf5 Nf8 62. Bc6+ Kd8 63. Bd6 Ne6 64. Bd5 Nd4+ 65. Ke4 1-0

[Event "EU-ch Blitz"]
[Site "Katowice"]
[Date "2022.12.16"]
[Round "21"]
[White "Barski, Radoslaw"]
[Black "Kastelik, Adrian"]
[Result "1-0"]
[WhiteElo "2441"]
[BlackElo "2091"]
[PlyCount "101"]
[EventDate "2022.12.16"]
[EventType "swiss (blitz)"]
[EventRounds "22"]
[EventCountry "POL"]
[SourceTitle "CBM 211 Extra"]
[Source "ChessBase"]
[SourceDate "2023.01.31"]
[SourceVersion "1"]
[SourceVersionDate "2023.01.31"]
[SourceQuality "1"]

1. e4 e5 2. Nf3 Nc6 3. Bb5 Nf6 4. d3 Ne7 5. 0-0 c6 6. Ba4 Ng6 7. Re1 Be7 8. c3 0-0 9. h3 Re8 10. d4 d6 11. Nbd2 b5 12. Bc2 Bb7 13. Nf1 c5 14. d5 c4 15. a4 a6 16. Ng3 h6 17. Be3 Kh7 18. Qd2 Ng8 19. Nf5 Bf8 20. Ra3 Qd7 21. Rea1 Be7 22. g4 f6 23. Kh2 Rec8 24. h4 Bf8 25. h5 N6e7 26. N3h4 Nxf5 27. gxf5 Qd8 28. Rg1 Ne7 29. Qe2 Qe8 30. Raa1 Rc7 31. Rg2 Rb8 32. f4 exf4 33. Bxf4 Bxd5 34. exd5 Nxd5 35. Qf3 Nxf4 36. Qxf4 Rc5 37. Rf1 Rd8 38. Rff2 d5 39. Kh1 Bd6 40. Qf3 Rd7 41. Re2 Qf8 42. Ng6 Qf7 43. Re6 Be5 44. axb5 Rxb5 45. Ba4 Rdb7 46. Bxb5 Rxb5 47. Nxe5 fxe5 48. Reg6 Rb7 49. f6 gxf6 50. Qf5 Kh8 51. Rxh6+ 1-0

[Event "EU-ch Blitz"]
[Site "Katowice"]
[Date "2022.12.16"]
[Round "18"]
[White "Kastelik, Adrian"]
[Black "Cherniaiev, Tykhon"]
[Result "0-1"]
[WhiteElo "2091"]
[BlackElo "2330"]
[PlyCount "62"]
[EventDate "2022.12.16"]
[EventType "swiss (blitz)"]
[EventRounds "22"]
[EventCountry "POL"]
[SourceTitle "CBM 211 Extra"]
[Source "ChessBase"]
[SourceDate "2023.01.31"]
[SourceVersion "1"]
[SourceVersionDate "2023.01.31"]
[SourceQuality "1"]

1. e4 e5 2. Nf3 Nc6 3. c3 d5 4. Qa4 dxe4 5. Nxe5 Nf6 6. Nxc6 bxc6 7. Qxc6+ Bd7 8. Qa6 Bd6 9. d3 0-0 10. dxe4 Nxe4 11. Be3 Re8 12. Be2 Qh4 13. Qc4 Rab8 14. g3 Qh3 15. Bf3 Ng5 16. Bc6 Bxc6 17. Qxc6 Re6 18. Qd5 Re5 19. Qd1 Qg2 20. Rf1 Nf3+ 21. Ke2 Rxb2+ 22. Nd2 Rxd2+ 23. Qxd2 Nxd2 24. Kxd2 Bc5 25. Rab1 Bxe3+ 26. Kd3 Qd5+ 27. Kc2 Qxa2+ 28. Kd3 Qd2+ 29. Kc4 Rc5+ 30. Kb3 Qxc3+ 31. Ka2 Ra5# 0-1

[Event "EU-ch Blitz"]
[Site "Katowice"]
[Date "2022.12.16"]
[Round "6"]
[White "Kastelik, Adrian"]
[Black "Cramling, Pia"]
[Result "0-1"]
[WhiteElo "2091"]
[BlackElo "2463"]
[PlyCount "96"]
[EventDate "2022.12.16"]
[EventType "swiss (blitz)"]
[EventRounds "22"]
[EventCountry "POL"]
[SourceTitle "CBM 211 Extra"]
[Source "ChessBase"]
[SourceDate "2023.01.31"]
[SourceVersion "1"]
[SourceVersionDate "2023.01.31"]
[SourceQuality "1"]

1. e4 c5 2. c3 Nf6 3. e5 Nd5 4. d4 cxd4 5. cxd4 g6 6. Nf3 Bg7 7. Bc4 Nb6 8. Bb3 d6 9. 0-0 Nc6 10. Re1 0-0 11. Nc3 Bg4 12. exd6 Qxd6 13. Be3 Rad8 14. Nb5 Qb8 15. h3 Bxf3 16. Qxf3 a6 17. Nc3 Bxd4 18. Bh6 Bg7 19. Bxg7 Kxg7 20. Ne4 Qe5 21. Nc3 Qf5 22. Qe3 Nc8 23. Bd5 N8a7 24. Be4 Qe5 25. Qc1 Qc5 26. Bf3 e6 27. Qf4 Qd4 28. Qg5 Qf6 29. Qc5 Qd4 30. Qa3 Qb4 31. Qxb4 Nxb4 32. Bxb7 Nc2 33. Bxa6 Nxa1 34. Rxa1 Rd2 35. b4 Rb8 36. b5 Rb2 37. a4 f5 38. Nd1 Rb4 39. Ne3 Kf6 40. g3 Rd8 41. Nc2 Rb2 42. Na3 Rd4 43. a5 Ra4 44. b6 Rxa5 45. bxa7 Rxa6 46. Nc2 Rxa1+ 47. Nxa1 Rb1+ 48. Kg2 Rxa1 0-1

[Event "EU-ch Blitz"]
[Site "Katowice"]
[Date "2021.12.17"]
[Round "17"]
[White "Czernek, Tymon"]
[Black "Kastelik, Adrian"]
[Result "1/2-1/2"]
[WhiteElo "2224"]
[BlackElo "2102"]
[PlyCount "123"]
[EventDate "2021.12.17"]
[EventType "swiss (blitz)"]
[EventRounds "22"]
[EventCountry "POL"]
[SourceTitle "CBM 205 Extra"]
[Source "ChessBase"]
[SourceDate "2022.01.31"]
[SourceVersion "1"]
[SourceVersionDate "2022.01.31"]
[SourceQuality "1"]

1. e4 e5 2. Nf3 Nc6 3. Bc4 Nf6 4. d3 Be7 5. 0-0 0-0 6. h3 a6 7. Bb3 d5 8. exd5 Nxd5 9. Re1 Bf6 10. Nbd2 Nb6 11. Ne4 Re8 12. Nfg5 Bxg5 13. Nxg5 Be6 14. Qh5 h6 15. Nxe6 fxe6 16. Qg6 Qf6 17. Qxf6 gxf6 18. Bxh6 Nd4 19. Be3 Nxb3 20. axb3 Nd5 21. Ra4 Kf7 22. Bd2 Rg8 23. Kf1 Rg6 24. Rh4 Rag8 25. Rh7+ R8g7 26. Rxg7+ Rxg7 27. Re4 c6 28. g3 Ne7 29. Rb4 b5 30. Rh4 Nf5 31. Rh8 Nd4 32. Ra8 Nxc2 33. Rxa6 Nd4 34. Bc3 Nxb3 35. Rxc6 Rg8 36. Rb6 Nc1 37. Rxb5 Nxd3 38. Rb7+ Kg6 39. Ke2 Nc5 40. Rc7 Ne4 41. Ke3 Nd6 42. Rc6 Rd8 43. g4 Kf7 44. Kf3 Nb5 45. h4 Rd3+ 46. Ke2 Rh3 47. h5 e4 48. Rc4 f5 49. Rc5 Nxc3+ 50. bxc3 fxg4 51. Rg5 Rxc3 52. Rxg4 Rh3 53. Rg5 Kf6 54. Ra5 e5 55. Ra6+ Kg5 56. h6 Rxh6 57. Rxh6 Kxh6 58. Ke3 Kg5 59. Kxe4 Kf6 60. f3 Ke6 61. f4 exf4 62. Kxf4 1/2-1/2

[Event "EU-ch Blitz"]
[Site "Katowice"]
[Date "2021.12.17"]
[Round "20"]
[White "Froewis, Annika"]
[Black "Kastelik, Adrian"]
[Result "0-1"]
[WhiteElo "2079"]
[BlackElo "2102"]
[PlyCount "28"]
[EventDate "2021.12.17"]
[EventType "swiss (blitz)"]
[EventRounds "22"]
[EventCountry "POL"]
[SourceTitle "CBM 205 Extra"]
[Source "ChessBase"]
[SourceDate "2022.01.31"]
[SourceVersion "1"]
[SourceVersionDate "2022.01.31"]
[SourceQuality "1"]

1. e4 e5 2. Nf3 Nc6 3. Bc4 Nf6 4. d3 Be7 5. c3 0-0 6. Bb3 d5 7. Qe2 dxe4 8. dxe4 a5 9. a4 Qd6 10. Nbd2 Be6 11. Bxe6 Qxe6 12. Nc4 Nd7 13. 0-0 Nc5 14. Qc2 Qxc4 0-1

[Event "EU-ch Blitz"]
[Site "Katowice"]
[Date "2021.12.17"]
[Round "11"]
[White "Kastelik, Adrian"]
[Black "Koziorowicz, Michal"]
[Result "1-0"]
[WhiteElo "2102"]
[BlackElo "2309"]
[PlyCount "59"]
[EventDate "2021.12.17"]
[EventType "swiss (blitz)"]
[EventRounds "22"]
[EventCountry "POL"]
[SourceTitle "CBM 205 Extra"]
[Source "ChessBase"]
[SourceDate "2022.01.31"]
[SourceVersion "1"]
[SourceVersionDate "2022.01.31"]
[SourceQuality "1"]

1. d4 f5 2. Qd3 d5 3. Bf4 Nf6 4. e3 e6 5. Nf3 Be7 6. Be2 0-0 7. 0-0 c5 8. dxc5 Bxc5 9. c4 Nc6 10. Nc3 d4 11. exd4 Nxd4 12. Nxd4 Qxd4 13. Qxd4 Bxd4 14. Nb5 Bb6 15. Bf3 Nd7 16. Rfe1 a6 17. Nd6 e5 18. Bxe5 Nxe5 19. Rxe5 Bc7 20. c5 Bd7 21. Bxb7 Rab8 22. Bd5+ Kh8 23. Re7 Bxd6 24. cxd6 Rfd8 25. Bb3 a5 26. Rae1 h6 27. h4 a4 28. Be6 Bxe6 29. R1xe6 Rxb2 30. Re8+ 1-0

[Event "EU-ch Blitz"]
[Site "Katowice"]
[Date "2021.12.17"]
[Round "14"]
[White "Kastelik, Adrian"]
[Black "Lubczynski, Rafal"]
[Result "1-0"]
[WhiteElo "2102"]
[BlackElo "2413"]
[PlyCount "125"]
[EventDate "2021.12.17"]
[EventType "swiss (blitz)"]
[EventRounds "22"]
[EventCountry "POL"]
[SourceTitle "CBM 205 Extra"]
[Source "ChessBase"]
[SourceDate "2022.01.31"]
[SourceVersion "1"]
[SourceVersionDate "2022.01.31"]
[SourceQuality "1"]

1. d4 b5 2. e4 a6 3. c4 Bb7 4. f3 bxc4 5. Nc3 e6 6. Bxc4 Nc6 7. Nge2 g6 8. Be3 Bg7 9. Qd2 h6 10. Bb3 Na5 11. d5 Nxb3 12. axb3 Ne7 13. dxe6 fxe6 14. 0-0 Nc6 15. Nd4 Qf6 16. Ra4 Rb8 17. Rd1 Ne5 18. Nde2 g5 19. Ng3 Qf7 20. Rb4 Nc6 21. Rc4 Bc8 22. Rxc6 0-0 23. Rxc7 Rxb3 24. Qc2 Rb4 25. Bc5 Rc4 26. Bxf8 Rxc7 27. Bxg7 Qxg7 28. Qd3 Qe5 29. Qd6 Qa5 30. Nh5 Kf7 31. f4 Rc6 32. Qd4 Qb6 33. Qxb6 Rxb6 34. fxg5 hxg5 35. Rd2 Ke7 36. Ng3 Rb4 37. Kf2 Bb7 38. Ke3 a5 39. Nge2 a4 40. g3 Bc6 41. h4 gxh4 42. gxh4 Kf6 43. Nd4 Bb7 44. Rg2 d5 45. exd5 e5 46. Ne4+ Kf7 47. Nc6 Rb3+ 48. Nc3 a3 49. Nxe5+ Kf6 50. Nd3 a2 51. Nxa2 Bxd5 52. Rf2+ Kg7 53. Nc3 Be6 54. h5 Bg8 55. Rg2+ Kh7 56. Kf4 Bc4 57. Ne5 Be6 58. Ne4 Rb4 59. Nd3 Rd4 60. Ndc5 Bc8 61. Ke5 Rc4 62. Nf6+ Kh6 63. Rg6# 1-0

[Event "EU-ch Blitz"]
[Site "Katowice"]
[Date "2021.12.17"]
[Round "12"]
[White "Koziorowicz, Michal"]
[Black "Kastelik, Adrian"]
[Result "0-1"]
[WhiteElo "2309"]
[BlackElo "2102"]
[PlyCount "86"]
[EventDate "2021.12.17"]
[EventType "swiss (blitz)"]
[EventRounds "22"]
[EventCountry "POL"]
[SourceTitle "CBM 205 Extra"]
[Source "ChessBase"]
[SourceDate "2022.01.31"]
[SourceVersion "1"]
[SourceVersionDate "2022.01.31"]
[SourceQuality "1"]

1. e4 e5 2. Bc4 Nf6 3. d3 c6 4. Nf3 d5 5. Bb3 Bd6 6. Nc3 dxe4 7. Nxe4 Nxe4 8. dxe4 0-0 9. Qe2 a5 10. Bg5 Qb6 11. a4 Bb4+ 12. c3 Bxc3+ 13. bxc3 Qxb3 14. 0-0 Bg4 15. h3 Bxf3 16. Qxf3 f6 17. Bh4 Na6 18. Rab1 Qf7 19. Qe3 Rfd8 20. Qb6 Qc4 21. Qxb7 Qxe4 22. Bg3 Rdb8 23. Rbe1 Qxg2+ 24. Kxg2 Rxb7 25. f4 Rb2+ 26. Kf3 exf4 27. Bxf4 Nc5 28. Re7 Rb7 29. Re3 Nxa4 30. h4 h5 31. c4 Nc5 32. Bd6 Nb3 33. Kf4 Rd8 34. c5 Rb4+ 35. Kf5 Nxc5 36. Kg6 Rg4+ 37. Kxh5 Rc4 38. Kg6 Ne4 39. Bc7 Rc8 40. Bxa5 Nd6 41. Rd1 Nf7 42. Kf5 Rc5+ 43. Kg6 Nh8# 0-1

[Event "EU-ch Blitz"]
[Site "Katowice"]
[Date "2021.12.17"]
[Round "21"]
[White "Sotsky, Alexander"]
[Black "Kastelik, Adrian"]
[Result "0-1"]
[WhiteElo "2333"]
[BlackElo "2102"]
[PlyCount "58"]
[EventDate "2021.12.17"]
[EventType "swiss (blitz)"]
[EventRounds "22"]
[EventCountry "POL"]
[SourceTitle "CBM 205 Extra"]
[Source "ChessBase"]
[SourceDate "2022.01.31"]
[SourceVersion "1"]
[SourceVersionDate "2022.01.31"]
[SourceQuality "1"]

1. d4 d5 2. Bg5 Bf5 3. e3 c5 4. Bd3 Bxd3 5. Qxd3 Qb6 6. Nc3 e6 7. Rb1 cxd4 8. exd4 Nc6 9. Nf3 Nb4 10. Qe2 Rc8 11. 0-0 Be7 12. Bf4 Nf6 13. Be5 0-0 14. Rfe1 Nc6 15. h3 Nd7 16. Red1 Ndxe5 17. dxe5 Rfd8 18. h4 Qb4 19. g3 Qg4 20. Kg2 d4 21. Nb5 a6 22. Nd6 Bxd6 23. exd6 Rxd6 24. Re1 Nb4 25. Qe5 Rd5 26. Qe4 Qxe4 27. Rxe4 Nxc2 28. Rd1 d3 29. Ne5 f5 0-1

[Event "EU-ch Blitz"]
[Site "Katowice"]
[Date "2021.12.17"]
[Round "1"]
[White "Zajac, Karol1"]
[Black "Kastelik, Adrian"]
[Result "0-1"]
[WhiteElo "1606"]
[BlackElo "2102"]
[PlyCount "111"]
[EventDate "2021.12.17"]
[EventType "swiss (blitz)"]
[EventRounds "22"]
[EventCountry "POL"]
[SourceTitle "CBM 205 Extra"]
[Source "ChessBase"]
[SourceDate "2022.01.31"]
[SourceVersion "1"]
[SourceVersionDate "2022.01.31"]
[SourceQuality "1"]

1. e4 e5 2. Nf3 Nc6 3. Bb5 Nf6 4. d3 Ne7 5. 0-0 c6 6. Bc4 Ng6 7. a4 Be7 8. Nbd2 d5 9. exd5 cxd5 10. Bb5+ Bd7 11. Bxd7+ Qxd7 12. Re1 Qc7 13. c3 0-0 14. Nf1 Rad8 15. Qe2 Bd6 16. Ng3 Rfe8 17. Bg5 Nf4 18. Qd2 Re6 19. Nf5 h6 20. Bxf6 Rxf6 21. Nxd6 Qxd6 22. Nxe5 d4 23. Nc4 Qd5 24. Re4 dxc3 25. bxc3 Qg5 26. g3 Nxd3 27. Qxg5 hxg5 28. Rd1 Rd7 29. Re3 Nc5 30. Rxd7 Nxd7 31. Re8+ Kh7 32. Re7 Nb6 33. Ne5 Nxa4 34. Nxf7 Nxc3 35. Nxg5+ Kg6 36. Nh3 Rb6 37. Nf4+ Kf6 38. Rc7 Rb1+ 39. Kg2 Rb3 40. Rxc3 Rxc3 41. Nd5+ Ke5 42. Nxc3 a6 43. Kf3 Kd4 44. Ne4 b5 45. Nd6 Kc5 46. Ne8 a5 47. Ke4 a4 48. Kd3 g6 49. f4 Kb4 50. Nc7 Kc5 51. Ne6+ Kb4 52. h4 Ka3 53. Kc2 Ka2 54. Nd4 b4 55. g4 b3+ 56. Kc3 0-1

[Event "Ustron op-A"]
[Site "Ustron"]
[Date "2020.08.21"]
[Round "9"]
[White "Krzywda, Andrzej"]
[Black "Kastelik, Adrian"]
[Result "1-0"]
[WhiteElo "2156"]
[BlackElo "2139"]
[PlyCount "91"]
[EventDate "2020.08.15"]
[EventType "swiss"]
[EventRounds "9"]
[EventCountry "POL"]
[SourceTitle "CBM 197 Extra"]
[Source "ChessBase"]
[SourceDate "2020.09.30"]
[SourceVersion "1"]
[SourceVersionDate "2020.09.30"]
[SourceQuality "1"]

1. d4 d5 2. c4 c6 3. Nf3 Nf6 4. Nbd2 e6 5. e3 Nbd7 6. Bd3 Be7 7. 0-0 0-0 8. e4 dxe4 9. Nxe4 c5 10. Nxc5 Bxc5 11. dxc5 Nxc5 12. Bc2 Qxd1 13. Rxd1 a5 14. Be3 b6 15. Rd6 Rb8 16. Rad1 Nfd7 17. b3 f6 18. a3 Rb7 19. b4 axb4 20. axb4 Na6 21. c5 Naxc5 22. bxc5 Nxc5 23. Rxb6 Rxb6 24. Bxc5 Rc6 25. Bxh7+ Kxh7 26. Bxf8 e5 27. h3 g5 28. Rd6 Rxd6 29. Bxd6 e4 30. Nd2 Bb7 31. g4 Kg6 32. Kh2 Kf7 33. Bc7 Ke6 34. Bd8 Bd5 35. Kg3 Ke5 36. Nf1 Bc6 37. Ne3 Bb7 38. Nf5 Bc8 39. Ne7 Bb7 40. Ng8 f5 41. Bxg5 fxg4 42. hxg4 Bc8 43. Ne7 Bb7 44. Nf5 Bc8 45. Bf4+ Kf6 46. Nd6 1-0

[Event "Ustron op-A"]
[Site "Ustron"]
[Date "2020.08.18"]
[Round "6"]
[White "Kastelik, Adrian"]
[Black "Dzhuguryan, Tygran"]
[Result "1-0"]
[WhiteElo "2139"]
[BlackElo "2194"]
[PlyCount "121"]
[EventDate "2020.08.15"]
[EventType "swiss"]
[EventRounds "9"]
[EventCountry "POL"]
[SourceTitle "CBM 197 Extra"]
[Source "ChessBase"]
[SourceDate "2020.09.30"]
[SourceVersion "1"]
[SourceVersionDate "2020.09.30"]
[SourceQuality "1"]

1. d4 Nf6 2. c4 c6 3. Nf3 d5 4. e3 e6 5. Nbd2 Be7 6. Bd3 Nbd7 7. b3 b6 8. Bb2 0-0 9. Qc2 Bb7 10. Ne5 h6 11. 0-0 Rc8 12. f4 c5 13. Ndf3 cxd4 14. exd4 Ne4 15. Nxd7 Qxd7 16. Ne5 Qe8 17. Qe2 f6 18. Nf3 Qh5 19. Rac1 Bd6 20. g3 f5 21. Ne5 Qxe2 22. Bxe2 Ba6 23. Rfd1 Rc7 24. c5 Bxe5 25. Bxa6 Bf6 26. cxb6 Rxc1 27. Rxc1 axb6 28. Rc6 Rb8 29. Bc8 b5 30. Bxe6+ Kf8 31. Bxd5 b4 32. Bxe4 fxe4 33. Kf2 Ra8 34. Ke3 Rxa2 35. Rc2 Ke7 36. Kxe4 Kd6 37. g4 Ra8 38. Bc1 Re8+ 39. Kd3 Re1 40. Bd2 Rg1 41. Bxb4+ Kd7 42. g5 hxg5 43. fxg5 Rxg5 44. Kc4 Rg4 45. Bc5 Rh4 46. Re2 Bd8 47. b4 g5 48. b5 Bc7 49. Re7+ Kd8 50. Rg7 Bf4 51. Be7+ Kc8 52. Bxg5 Bxg5 53. Rxg5 Rxh2 54. Rg7 Rh5 55. d5 Rh6 56. Kc5 Rf6 57. b6 Rf1 58. b7+ Kb8 59. d6 Rc1+ 60. Kb4 Rb1+ 61. Ka3 1-0

[Event "Ustron op-A"]
[Site "Ustron"]
[Date "2020.08.15"]
[Round "2"]
[White "Sramek, Vojtech"]
[Black "Kastelik, Adrian"]
[Result "1-0"]
[WhiteElo "2196"]
[BlackElo "2139"]
[PlyCount "63"]
[EventDate "2020.08.15"]
[EventType "swiss"]
[EventRounds "9"]
[EventCountry "POL"]
[SourceTitle "CBM 197 Extra"]
[Source "ChessBase"]
[SourceDate "2020.09.30"]
[SourceVersion "1"]
[SourceVersionDate "2020.09.30"]
[SourceQuality "1"]

1. e4 e5 2. Nf3 Nc6 3. Bc4 Nf6 4. d3 Bc5 5. c3 d6 6. 0-0 a6 7. Bb3 Ba7 8. h3 Ne7 9. Re1 0-0 10. Nbd2 c6 11. Nf1 Ng6 12. Ng3 Be6 13. Bc2 Qc7 14. d4 exd4 15. cxd4 d5 16. e5 Nd7 17. Ng5 Rfe8 18. Nh5 Qb6 19. Be3 Ndf8 20. f4 Nh4 21. Ng3 h6 22. Nxe6 fxe6 23. Qg4 Qxb2 24. Nh5 g6 25. Nf6+ Kf7 26. Qxh4 Qxc2 27. Nxe8 Kxe8 28. f5 Qxf5 29. Rf1 Qd3 30. Qxh6 Qa3 31. Rf3 Rd8 32. Raf1 1-0

[Event "POL-chT 2nd League"]
[Site "Jastrzebia Gora"]
[Date "2019.09.07"]
[Round "1.16"]
[White "Miroslaw, Michal"]
[Black "Kastelik, Adrian"]
[Result "0-1"]
[WhiteElo "2284"]
[BlackElo "2148"]
[PlyCount "70"]
[EventDate "2019.09.07"]
[EventType "team-swiss"]
[EventRounds "9"]
[EventCountry "POL"]
[SourceTitle "EXT 2020"]
[Source "ChessBase"]
[SourceDate "2019.10.17"]
[SourceVersion "1"]
[SourceVersionDate "2019.10.17"]
[SourceQuality "1"]
[WhiteTeam "Lublin LKSz"]
[BlackTeam "Podlesie UKS 21"]
[WhiteTeamCountry "POL"]
[BlackTeamCountry "POL"]

1. d4 d5 2. Nc3 Nf6 3. Bf4 Bf5 4. e3 e6 5. Bd3 Bg6 6. f3 c5 7. Nge2 Nc6 8. Bb5 a6 9. Bxc6+ bxc6 10. Qd2 cxd4 11. exd4 c5 12. 0-0 Nd7 13. Na4 Be7 14. Be3 Qc7 15. dxc5 Qc6 16. Nb6 Nxb6 17. cxb6 Bc5 18. Bxc5 Qxc5+ 19. Qd4 Qxd4+ 20. Nxd4 Rb8 21. b4 Rxb6 22. c3 Kd7 23. Nb3 Rc8 24. Nc5+ Kc6 25. Rfe1 a5 26. a3 Ra8 27. Kf2 axb4 28. cxb4 d4 29. Nb3 Kd5 30. f4 f6 31. Rac1 Rxa3 32. Rc5+ Kd6 33. Nxd4 Rxb4 34. Nb5+ Kxc5 35. Nxa3 Rxf4+ 0-1

[Event "EU-ch blitz"]
[Site "Katowice"]
[Date "2017.12.15"]
[Round "13"]
[White "Kastelik, Adrian"]
[Black "Boe, Mads"]
[Result "0-1"]
[WhiteElo "2176"]
[BlackElo "2292"]
[PlyCount "88"]
[EventDate "2017.12.15"]
[EventType "swiss (blitz)"]
[EventRounds "22"]
[EventCountry "POL"]
[SourceTitle "CBM 182 Extra"]
[Source "ChessBase"]
[SourceDate "2018.02.23"]
[SourceVersion "1"]
[SourceVersionDate "2018.02.23"]
[SourceQuality "1"]

1. e4 c6 2. d4 d5 3. Nc3 dxe4 4. Nxe4 Bf5 5. Ng3 Bg6 6. Nh3 e6 7. Nf4 Bd6 8. h4 Qc7 9. h5 Bxc2 10. Qg4 Ne7 11. Qxg7 Rg8 12. Qf6 Nd7 13. Qh4 0-0-0 14. Bd2 Nd5 15. Nxd5 exd5 16. Nf5 Bxf5 17. 0-0-0 Rde8 18. g3 Nb6 19. Bg2 Nc4 20. Bc3 Qe7 21. Qxe7 Rxe7 22. Rde1 Rge8 23. Rxe7 Rxe7 24. Kd1 Bg4+ 25. Kc1 Bf5 26. Bf3 Be4 27. Bxe4 Rxe4 28. Kd1 Bc7 29. b3 Nd6 30. Rf1 Nb5 31. Bb2 Bb6 32. f3 Re6 33. Rh1 Bxd4 34. Bc1 Nc3+ 35. Kc2 Nxa2 36. Kd3 Nxc1+ 37. Kxd4 Nxb3+ 38. Kc3 Nc5 39. g4 Nd7 40. f4 Re4 41. Rf1 Nf6 42. g5 Nxh5 43. f5 Rf4 44. g6 hxg6 0-1

[Event "EU-ch blitz"]
[Site "Katowice"]
[Date "2017.12.15"]
[Round "12"]
[White "Kastelik, Adrian"]
[Black "Putka, Verner"]
[Result "1/2-1/2"]
[WhiteElo "2176"]
[BlackElo "2307"]
[PlyCount "199"]
[EventDate "2017.12.15"]
[EventType "swiss (blitz)"]
[EventRounds "22"]
[EventCountry "POL"]
[SourceTitle "CBM 182 Extra"]
[Source "ChessBase"]
[SourceDate "2018.02.23"]
[SourceVersion "1"]
[SourceVersionDate "2018.02.23"]
[SourceQuality "1"]

1. e4 e5 2. Nf3 Nf6 3. Nxe5 d6 4. Nf3 Nxe4 5. Qe2 Qe7 6. d3 Nf6 7. Qxe7+ Bxe7 8. d4 Nc6 9. c3 Bf5 10. Nbd2 0-0-0 11. Be2 Rhe8 12. 0-0 d5 13. Re1 Bd6 14. Nf1 Ne4 15. Ng3 Bg6 16. Nd2 f5 17. Ndxe4 dxe4 18. f4 Ne7 19. c4 Bb4 20. Rd1 Nc6 21. Be3 Be7 22. a3 Bf6 23. d5 Na5 24. Ra2 Nb3 25. Rb1 b6 26. Bd1 Nc5 27. b4 Nd3 28. Ba4 Rf8 29. Rc2 Be7 30. Bd4 Nxf4 31. Bxg7 Rg8 32. Bh6 Nd3 33. Ne2 Bf6 34. Kf1 Be5 35. g3 Bh5 36. Nf4 Bxf4 37. Bxf4 Nxf4 38. gxf4 Bf3 39. Rf2 Bh5 40. Bd1 Be8 41. Rb3 c6 42. Rd2 Rg7 43. d6 c5 44. bxc5 bxc5 45. Rd5 Bc6 46. Rxf5 Rxd6 47. Bc2 Rd2 48. Rxc5 Rc7 49. Rc3 Rxh2 50. f5 e3 51. Re5 Rg7 52. Rexe3 Rgg2 53. Be4 Rf2+ 54. Kg1 Bxe4 55. Rxe4 Rfg2+ 56. Kf1 Ra2 57. Kg1 Rhg2+ 58. Kh1 Rgf2 59. Re1 Rxf5 60. Rh3 h5 61. Rc1 Kc7 62. Kg1 Kc6 63. Rb1 a6 64. Rd1 Rg5+ 65. Kh1 Re5 66. Rhd3 Ree2 67. Rd6+ Kc5 68. R6d5+ Kxc4 69. Rxh5 Rxa3 70. Rc1+ Kd4 71. Rd1+ Ke4 72. Rh4+ Kf5 73. Rf1+ Kg5 74. Rh8 Kg6 75. Rg8+ Kh7 76. Rg4 a5 77. Rf5 Ra1+ 78. Rg1 Raa2 79. Rg4 Kh6 80. Rf3 Kh5 81. Rg8 Re1+ 82. Rg1 Rxg1+ 83. Kxg1 Kg4 84. Rc3 Kf4 85. Kf1 Ke4 86. Ke1 Kd4 87. Rh3 Rc2 88. Kd1 Rc5 89. Rh4+ Kd3 90. Rh3+ Kd4 91. Rh4+ Kc3 92. Kc1 a4 93. Rh3+ Kb4+ 94. Kb1 Rc4 95. Rg3 Re4 96. Rh3 a3 97. Rh8 Kb3 98. Rb8+ Kc3 99. Rc8+ Kb3 100. Rb8+ 1/2-1/2

[Event "EU-ch blitz"]
[Site "Katowice"]
[Date "2017.12.15"]
[Round "18"]
[White "Reichmann, Hendrik"]
[Black "Kastelik, Adrian"]
[Result "1-0"]
[WhiteElo "2337"]
[BlackElo "2176"]
[PlyCount "71"]
[EventDate "2017.12.15"]
[EventType "swiss (blitz)"]
[EventRounds "22"]
[EventCountry "POL"]
[SourceTitle "CBM 182 Extra"]
[Source "ChessBase"]
[SourceDate "2018.02.23"]
[SourceVersion "1"]
[SourceVersionDate "2018.02.23"]
[SourceQuality "1"]

1. d4 d5 2. Bf4 Nf6 3. e3 Bf5 4. c4 c6 5. Nc3 e6 6. Qb3 Qb6 7. c5 Qxb3 8. axb3 Nbd7 9. b4 a6 10. b5 cxb5 11. Nxb5 Rc8 12. Nd6+ Bxd6 13. Bxd6 Ne4 14. Bf4 g5 15. Bg3 h5 16. f3 Nxg3 17. hxg3 e5 18. Kd2 Bg6 19. b4 Ke7 20. Ne2 f6 21. Nc3 Bf7 22. Bd3 h4 23. g4 Ra8 24. b5 axb5 25. Nxb5 Rxa1 26. Rxa1 h3 27. gxh3 Rxh3 28. Be2 Rh2 29. Ra7 e4 30. fxe4 dxe4 31. Rxb7 Rxe2+ 32. Kxe2 Bc4+ 33. Kd2 Ke6 34. c6 Nf8 35. c7 Kd7 36. Nd6 1-0

[Event "POL-chT 2nd League"]
[Site "Szklarska Poreba"]
[Date "2017.09.07"]
[Round "6.8"]
[White "Kowalec, Maciej"]
[Black "Kastelik, Adrian"]
[Result "1/2-1/2"]
[WhiteElo "2083"]
[BlackElo "2168"]
[PlyCount "68"]
[EventDate "2017.09.02"]
[EventType "team-swiss"]
[EventRounds "9"]
[EventCountry "POL"]
[SourceTitle "CBM 180 Extra"]
[Source "ChessBase"]
[SourceDate "2017.10.06"]
[SourceVersion "1"]
[SourceVersionDate "2017.10.06"]
[SourceQuality "1"]
[WhiteTeam "Zielonka Zieloni"]
[BlackTeam "Podlesie UKS 21"]
[WhiteTeamCountry "POL"]
[BlackTeamCountry "POL"]

1. d4 d5 2. c4 c6 3. Nf3 Nf6 4. e3 Bf5 5. Nc3 e6 6. Nh4 Bg6 7. Nxg6 hxg6 8. a3 Qc7 9. g3 dxc4 10. Bxc4 Nbd7 11. f4 Rd8 12. Qe2 b5 13. Bd3 a6 14. b4 a5 15. Rb1 axb4 16. axb4 Nb6 17. Bd2 g5 18. fxg5 Qxg3+ 19. hxg3 Rxh1+ 20. Kf2 Rh2+ 21. Kf3 Rxe2 22. Nxe2 Nfd7 23. Rc1 Ne5+ 24. dxe5 Rxd3 25. Rxc6 Nc4 26. Rc8+ Ke7 27. Bc3 g6 28. Bd4 Bg7 29. Ke4 Rb3 30. Nc1 Nd2+ 31. Kf4 Rxb4 32. Rc7+ Ke8 33. Rc8+ Ke7 34. Rc7+ Ke8 1/2-1/2